000 00418nam a2200181Ia 4500
001 23323
005 20260414150929.0
008 260414t1992||||xx |||||||||||||| ||spa||
041 _aESP
082 _a629.8
_bD269
100 _aDoyle, John C.
_eAUT
245 0 _aFeedback control theory
_b
260 _c1992
300 _a214 páginas :
_c23 cm.
650 _aCNM
654 _aCCN
942 _cLIB
_dJUS
_fJUS
_2ddc
_n
999 _c23323
_d23323